King's law journal.

Bibliographic Details
Previous Title:King's College law journal (Online)
Format: Journal
Language:English
Published: Oxford, UK : Hart Publishing, 2007-
Subjects:
Online Availability: Check for online availability

MARC

Tag First Indicator Second Indicator Subfields
LEADER 00000cas a2200000 i 4500
001 in00003529613
005 20150911101851.0
006 m o d
007 cr |||||||||||
008 150731c20079999enktr poo 0 0eng c
010 |a  2008252957 
035 |a (OCoLC)ocn256089641 
040 |a WAU  |b eng  |e rda  |e pn  |c WAU  |d OCLCA  |d SERSO  |d UX0  |d NTE  |d VPI  |d WEA  |d OCLCQ  |d COO  |d CCT  |d OCLCF  |d OCLCQ  |d SERSO  |d TXA 
019 |a 299072099  |a 746946667  |a 785640419 
022 0 |a 1757-8442  |l 0961-5768  |y 0961-5768  |2 2 
029 1 |a AU@  |b 000043469050 
029 1 |a AU@  |b 000044064658 
029 1 |a AU@  |b 000044923494 
029 1 |a AU@  |b 000045710577 
029 1 |a NZ1  |b 12797670 
035 |a (OCoLC)256089641  |z (OCoLC)299072099  |z (OCoLC)746946667  |z (OCoLC)785640419 
042 |a pcc 
043 |a e-uk-en 
050 1 4 |a K11  |b .I54 Electronic 
049 |a TXAM 
222 0 |a King's law journal  |b (Online) 
245 0 0 |a King's law journal. 
246 1 |i Also known as:  |a Journal of the School of Law, King's College London 
246 1 |a KLJ 
264 1 |a Oxford, UK :  |b Hart Publishing,  |c 2007- 
264 4 |c ©2007- 
310 |a Three times per year 
336 |a text  |b txt  |2 rdacontent 
337 |a computer  |b c  |2 rdamedia 
338 |a online resource  |b cr  |2 rdacarrier 
362 1 |a Began with: Vol. 18, no. 1 (2007). 
538 |a Mode of access: World Wide Web. 
550 |a Published on behalf of the School of Law, King's College, London. 
588 |a Description based on: Vol. 18, no. 1 (2007); title from table of contents (IngentaConnect, viewed Sep. 23, 2008). 
588 |a Latest issue consulted: Vol. 19, no. 1 (2008) (IngentaConnect, viewed Sep. 23, 2008). 
650 0 |a Law  |v Periodicals. 
650 0 |a Law  |z Great Britain  |v Periodicals. 
650 0 |a International law  |v Periodicals. 
650 0 |a Law reviews  |z England. 
650 7 |a Law.  |2 fast  |0 (OCoLC)fst00993678 
651 7 |a Great Britain.  |2 fast  |0 (OCoLC)fst01204623 
650 7 |a Law.  |2 galestne 
653 0 |a Law 
655 0 |a Electronic journals. 
655 7 |a Periodicals.  |2 fast  |0 (OCoLC)fst01411641 
710 2 |a King's College London.  |b School of Law,  |e issuing body. 
776 0 8 |i Print version:  |t King's law journal  |w (DLC) 2007222183  |w (OCoLC)99034206 
780 0 0 |t King's College law journal (Online)  |w (DLC) 2008247510  |w (OCoLC)174150481 
948 |a cataloged  |b h  |c 2015/9/11  |d c  |e spoltoratski  |f 10:18:45 am  |g sc from provisional 
994 |a C0  |b TXA 
999 f f |s 1bf2ebfb-83a9-353f-93ad-73ebe65d0e65  |i 63417176-1774-37fb-8b78-5b78d7a09258  |t 0 
952 f f |a Texas A&M University  |b College Station  |c Electronic Resources  |d Available Online  |t 0  |e K11 .I54  |g Electronic  |h Library of Congress classification 
998 f f |a K11 .I54  |t 0  |l Available Online